| 000 | 00000nam##2200000za#4500 |
| 001 | 9.662787 |
| 003 | CaOODSP |
| 005 | 20200330131350 |
| 007 | ta |
| 008 | 150407|2001||||xxc||||| f|0| 0 eng|d |
| 020 | |a0-662-65735-7 |
| 040 | |aCaOODSP|beng |
| 041 | |aeng |
| 041 | |afre |
| 043 | |an-cn--- |
| 086 | 1 |aSF31-53/4-2001 |
| 110 | 1 |aCanada. |bOffice of the Commissioner of Official Languages. |
| 245 | 10|aCanadian linguistic facts and figures: Manitoba-Saskatchewan |
| 260 | |aOttawa - Ontario : |bOffice of the Commissioner of Official Languages |c2001. |
| 300 | |aEnglish text, 12p. ; |c28 cm. |
| 546 | |aBilingual |
| 563 | |aSoftcover |
| 590 | |a01-47|b2001-11-23 |
| 690 | 07|aOfficial languages|2gcpds |
| 690 | 07|aWestern provinces|2gcpds |
| 776 | 0#|tLes langues officielles au Canada - faits et chiffres. Manitoba, Saskatchewan |w(CaOODSP)9.640087 |
| 776 | 0#|tCanadian linguistic facts and figures. Manitoba, Saskatchewan |w(CaOODSP)9.695967 |
| 792 | |tLes langues officielles au Canada: Manitoba-Saskatchewan. faits et chiffres: Manitoba-Saskatchewan |efre|w(CaOODSP)9.662788 |